000 00958nam a2200277Ia 4500
003 OSt
005 20221005103238.0
006 a|||||r|||| 00| 0
007 ta
008 221004b |||||||| |||| 00| 0 hin d
020 _a9788193228234 (pbk)
_cIndian Rupees 120
024 _a38813
037 _bGift, 22/08/2018,
_cTextual
040 _aCRL
_cCRL
_bhin
041 _2hin
_ahin
082 _aO152,3x, Q7
100 _aतेली, गणपत, संपा.
245 0 _aकरीब से
_b स्वयं प्रकाश
246 _aKarīb se: svayan prakāsha
260 _aकैथल
_bसंभव प्रकाशन भारत
_c2017
300 _a176पृ0
_ccm.
650 _a हिन्दी साहित्य
650 _aहिन्दी कहानी
942 _hO152,3x, Q7
_cTEXL
_2cc
999 _c1009670
_d1009670